00681nam a22002057a 450000500170000001000150001702000260003203500140005803700090007208200140008110000230009524500430011825000060016126000410016727000690020830000200027794200280029799900190032595201310034420240719115624.0 aENG-140902 a9788178791357c140.00 aEN-124434 bDBAD a796.3321 aNagi, Kunal968587 aFootball Rulebook 2009/cBy Kunal Nagi a1 aNew DelhibSports Publicationsc2009 a7/26, Ground Floor, Ansari Road, Darya Ganj bNew Delhi e110002 a80p.c22cm(hbk) 2ddccENh796.33mNAGe1 c204208d204208 001040708NFICaBL1bBL1d2024-07-19eDBADg140.00l0o796.33 NAGpEN-124434r2024-07-19 00:00:00t1v140.00w2024-07-19yEN